| 000 | 00558nam a2200217Ia 4500 | ||
|---|---|---|---|
| 999 |
_c1079 _d1079 |
||
| 003 | OSt | ||
| 005 | 20210315142526.0 | ||
| 008 | 151015s9999 xx 000 0 und d | ||
| 020 | _a813337992 | ||
| 040 |
_aMMU _beng _cMMU _dMMU |
||
| 050 | _aSF 85 .H39 1994 | ||
| 100 | _aHeady, Harold F. | ||
| 245 |
_aRangeland Ecology and Management/ _cHarold F.Heady |
||
| 250 | _a_ | ||
| 260 |
_aU S A: _bWestviewpress, _c1994 |
||
| 300 | _axiv, 519 p. : | ||
| 500 | _ainclude index | ||
| 650 | _a_Ecology | ||
| 700 | _aR.Dennis Child | ||
| 942 |
_2lcc _cLOAN LOAN |
||